[Event "Titled Tuesday intern op 25th Mar Early"]
[Site "Chess.com INT"]
[Date "2025.03.25"]
[Round "2"]
[White "Miszler, Levente"]
[Black "Anurag, Jaiswal"]
[Result "0-1"]
[WhiteElo "2316"]
[BlackElo "1923"]
[PlyCount "46"]
[EventDate "2025.03.25"]
[EventType "swiss (blitz)"]
[EventRounds "11"]
[EventCountry "USA"]
[SourceTitle "CB14_2025"]
[SourceDate "2024.11.01"]
[SourceVersion "1"]
[SourceVersionDate "2024.11.01"]
[SourceQuality "1"]

1. c4 e5 2. g3 Nc6 3. Bg2 f5 4. Nc3 Nf6 5. e3 d5 6. cxd5 Nb4 7. d4 e4 8. Nge2 Nd3+ 9. Kf1 Ng4 10. f3 Ngf2 11. Qc2 Nxh1 12. Bxh1 Nxc1 13. Rxc1 exf3 14. Bxf3 Bd6 15. e4 fxe4 16. Bxe4 0-0+ 17. Kg2 Qf6 18. Bxh7+ Kh8 19. Qe4 Qh6 20. Bg6 Bh3+ 21. Kg1 Rf6 22. Be8 Qxc1+ 23. Nxc1 Rf1# 0-1

[Event "Titled Tuesday intern op 25th Mar Early"]
[Site "Chess.com INT"]
[Date "2025.03.25"]
[Round "8"]
[White "Thorhallsson, Simon"]
[Black "Anurag, Jaiswal"]
[Result "1-0"]
[WhiteElo "2232"]
[BlackElo "1923"]
[PlyCount "73"]
[EventDate "2025.03.25"]
[EventType "swiss (blitz)"]
[EventRounds "11"]
[EventCountry "USA"]
[SourceTitle "CB14_2025"]
[SourceDate "2024.11.01"]
[SourceVersion "1"]
[SourceVersionDate "2024.11.01"]
[SourceQuality "1"]

1. d4 d5 2. c4 e6 3. Nf3 c6 4. g3 Nf6 5. Bg2 dxc4 6. 0-0 b5 7. a4 Bb7 8. Ne5 Nd5 9. b3 cxb3 10. Qxb3 a6 11. Nc3 Nd7 12. Nxd5 exd5 13. axb5 axb5 14. Rxa8 Bxa8 15. e4 Nxe5 16. dxe5 d4 17. e6 fxe6 18. Qxe6+ Qe7 19. Qc8+ Qd8 20. Qe6+ Qe7 21. Qa2 Bb7 22. Qa7 Qd7 23. Qb8+ Bc8 24. Rd1 Bd6 25. Qb6 0-0 26. Qxd4 Bc5 27. Qxd7 Bxd7 28. Rxd7 Rxf2 29. Kh1 b4 30. Rd8+ Kf7 31. Rd1 b3 32. Rf1 Rxf1+ 33. Bxf1 Kf6 34. Bb2+ Kg5 35. Bc4 Kg4 36. Kg2 g5 37. Be2# 1-0

[Event "Titled Tuesday intern op 18th Mar Late"]
[Site "Chess.com INT"]
[Date "2025.03.18"]
[Round "6"]
[White "Anurag, Jaiswal"]
[Black "Harish, Neeraj"]
[Result "1-0"]
[WhiteElo "1923"]
[BlackElo "2169"]
[PlyCount "69"]
[EventDate "2025.03.18"]
[EventType "swiss (blitz)"]
[EventRounds "11"]
[EventCountry "USA"]
[SourceTitle "CB13_2025"]
[SourceDate "2025.03.26"]
[SourceVersion "1"]
[SourceVersionDate "2025.03.26"]
[SourceQuality "1"]

1. e4 c6 2. d4 d5 3. e5 Bf5 4. Ne2 e6 5. Ng3 Bg6 6. h4 h5 7. Bd3 Bxd3 8. cxd3 Ne7 9. Nd2 Qb6 10. Nf3 Nd7 11. Be3 Rc8 12. Ng5 c5 13. dxc5 Qa5+ 14. Kf1 Nxe5 15. d4 Ng4 16. Qf3 Nf6 17. Kg1 Ng6 18. Bf4 Nxf4 19. Qxf4 Qc7 20. Qf3 b6 21. b4 a5 22. a3 Be7 23. Re1 axb4 24. axb4 bxc5 25. bxc5 Qb7 26. Kh2 Ng4+ 27. Kh3 Bxg5 28. hxg5 Qe7 29. Qf4 0-0 30. Nxh5 f5 31. f3 Nf2+ 32. Kg3 Nd3 33. Qh4 f4+ 34. Kg4 Qf7 35. Nf6+ 1-0

[Event "Titled Tuesday intern op 18th Mar Late"]
[Site "Chess.com INT"]
[Date "2025.03.18"]
[Round "7"]
[White "Beulen, Marcel"]
[Black "Anurag, Jaiswal"]
[Result "1-0"]
[WhiteElo "2359"]
[BlackElo "1923"]
[PlyCount "67"]
[EventDate "2025.03.18"]
[EventType "swiss (blitz)"]
[EventRounds "11"]
[EventCountry "USA"]
[SourceTitle "CB13_2025"]
[SourceDate "2025.03.26"]
[SourceVersion "1"]
[SourceVersionDate "2025.03.26"]
[SourceQuality "1"]

1. e4 e5 2. Nf3 Nc6 3. Nc3 Nf6 4. d4 exd4 5. Nxd4 Bb4 6. Nxc6 bxc6 7. Bd3 d5 8. exd5 0-0 9. 0-0 cxd5 10. h3 c6 11. Qf3 Be6 12. Bf4 Bd6 13. Rfe1 Rb8 14. b3 Qc7 15. Bxd6 Qxd6 16. Ne2 Nd7 17. Nf4 Ne5 18. Qg3 Nxd3 19. cxd3 Bf5 20. d4 Bg6 21. Rac1 Rb4 22. Qe3 Qf6 23. Nxg6 hxg6 24. Red1 Rfb8 25. Rc3 a5 26. a3 R4b6 27. Rdd3 Qd6 28. Qc1 a4 29. b4 Re8 30. Re3 Re4 31. Qc2 Rxd4 32. Qxa4 Rd1+ 33. Qxd1 d4 34. Rcd3 1-0

[Event "Titled Tuesday intern op 18th Mar Late"]
[Site "Chess.com INT"]
[Date "2025.03.18"]
[Round "8"]
[White "Yue, Tariq"]
[Black "Anurag, Jaiswal"]
[Result "0-1"]
[WhiteElo "2047"]
[BlackElo "1923"]
[PlyCount "82"]
[EventDate "2025.03.18"]
[EventType "swiss (blitz)"]
[EventRounds "11"]
[EventCountry "USA"]
[SourceTitle "CB13_2025"]
[SourceDate "2025.03.26"]
[SourceVersion "1"]
[SourceVersionDate "2025.03.26"]
[SourceQuality "1"]

1. Nf3 Nf6 2. b3 b5 3. e4 Nxe4 4. Bxb5 Bb7 5. 0-0 e6 6. d4 Be7 7. Re1 0-0 8. Bd3 f5 9. Nfd2 Nxd2 10. Bxd2 Bf6 11. c3 Nc6 12. Kh1 Ne7 13. f4 Rc8 14. Na3 c5 15. dxc5 Rxc5 16. Rc1 Rc8 17. Nb5 Qb6 18. Be3 Qc6 19. Bf1 Ra8 20. Nxa7 Qd5 21. c4 Qa5 22. Nb5 Qxa2 23. Qxd7 Bc8 24. Qd2 Qxb3 25. Rb1 Qa2 26. Qxa2 Rxa2 27. Bc5 Bb7 28. Rxe6 Be4 29. Re1 Kf7 30. Rb6 Rd8 31. Nd6+ Kg8 32. Nxe4 fxe4 33. Rxe4 Rd1 34. Kg1 Raa1 35. Kf2 Rxf1+ 36. Kg3 Nf5+ 37. Kh3 h5 38. g3 h4 39. g4 Rf3+ 40. Kg2 Rb3 41. gxf5 Rxb6 0-1

[Event "Titled Tuesday intern op 28th Jan Early"]
[Site "Chess.com INT"]
[Date "2025.01.28"]
[Round "2"]
[White "Eggleston, Thomas"]
[Black "Anurag, Jaiswal"]
[Result "1-0"]
[WhiteElo "2178"]
[BlackElo "1923"]
[PlyCount "71"]
[EventDate "2025.01.28"]
[EventType "swiss (blitz)"]
[EventRounds "11"]
[EventCountry "USA"]
[SourceTitle "CB06_2025"]
[SourceDate "2025.02.05"]
[SourceVersion "1"]
[SourceVersionDate "2025.02.05"]
[SourceQuality "1"]

1. e4 c6 2. Nf3 d5 3. d3 dxe4 4. dxe4 Qxd1+ 5. Kxd1 Bg4 6. c3 Bxf3+ 7. gxf3 Nf6 8. Kc2 Nbd7 9. Be3 e6 10. Nd2 Be7 11. a4 0-0 12. Nc4 Rfd8 13. Be2 Nc5 14. b4 Ncd7 15. Rhd1 Nf8 16. Na5 Rab8 17. Bxa7 Ra8 18. Be3 Rab8 19. Bf4 Rbc8 20. Rxd8 Bxd8 21. Nxb7 Bb6 22. Be3 Bxe3 23. fxe3 N8d7 24. a5 Ra8 25. a6 Nb6 26. Nc5 Nfd7 27. Nxd7 Nxd7 28. Rd1 Nb6 29. Rd6 g6 30. Rxc6 Nd7 31. Rc7 Ne5 32. b5 Kf8 33. b6 Ke8 34. a7 Kd8 35. b7 Kxc7 36. bxa8Q 1-0

[Event "Titled Tuesday intern op 14th Jan Early"]
[Site "Chess.com INT"]
[Date "2025.01.14"]
[Round "6"]
[White "Anurag, Jaiswal"]
[Black "Mora Moron, Jose Ramon"]
[Result "0-1"]
[WhiteElo "1923"]
[BlackElo "2040"]
[PlyCount "98"]
[EventDate "2025.01.14"]
[EventType "swiss (blitz)"]
[EventRounds "11"]
[EventCountry "USA"]
[SourceTitle "CB04_2025"]
[SourceDate "2025.01.22"]
[SourceVersion "1"]
[SourceVersionDate "2025.01.22"]
[SourceQuality "1"]

1. c4 Nf6 2. g3 e6 3. Bg2 c5 4. Nf3 Be7 5. 0-0 0-0 6. d4 cxd4 7. Nxd4 a6 8. Nc3 Qc7 9. b3 d6 10. Bb2 Nc6 11. e4 Nxd4 12. Qxd4 Re8 13. Kh1 Bd7 14. f4 Bc6 15. Rad1 Bf8 16. h3 Rad8 17. g4 Nd7 18. Ne2 b6 19. Ng3 Qb7 20. Nh5 e5 21. fxe5 Nxe5 22. Ng3 g6 23. Ne2 b5 24. Nf4 bxc4 25. bxc4 Ba4 26. Rb1 Bc6 27. Nd3 Bg7 28. Nf4 Qe7 29. Bc3 Rb8 30. Nd5 Bxd5 31. exd5 Qg5 32. c5 dxc5 33. Qxc5 Rxb1 34. Rxb1 h5 35. d6 hxg4 36. d7 Rd8 37. Ba5 Rxd7 38. Qc8+ Kh7 39. Rb8 Rd1+ 40. Bf1 Rxf1+ 41. Kg2 gxh3+ 42. Kxf1 Qf4+ 43. Ke1 Nf3+ 44. Kd1 Qd4+ 45. Kc1 Bh6+ 46. Kb1 Qd3+ 47. Kb2 Bg7+ 48. Bc3 Bxc3+ 49. Qxc3 Qd5 0-1

[Event "Titled Tuesday intern op 14th Jan Early"]
[Site "Chess.com INT"]
[Date "2025.01.14"]
[Round "5"]
[White "Dilmukhametov, Artur"]
[Black "Anurag, Jaiswal"]
[Result "1-0"]
[WhiteElo "2276"]
[BlackElo "1923"]
[PlyCount "41"]
[EventDate "2025.01.14"]
[EventType "swiss (blitz)"]
[EventRounds "11"]
[EventCountry "USA"]
[SourceTitle "CB04_2025"]
[SourceDate "2025.01.22"]
[SourceVersion "1"]
[SourceVersionDate "2025.01.22"]
[SourceQuality "1"]

1. d4 d5 2. e4 dxe4 3. Nc3 Nf6 4. f3 e6 5. fxe4 Bb4 6. Bd3 h6 7. Nf3 c5 8. a3 Bxc3+ 9. bxc3 Nc6 10. 0-0 0-0 11. Qe1 cxd4 12. e5 Nd7 13. cxd4 Re8 14. Qg3 Kh8 15. Qh3 Nf8 16. Bxh6 gxh6 17. Qxh6+ Kg8 18. Ng5 Qxd4+ 19. Kh1 Qxe5 20. Bh7+ Kh8 21. Nxf7# 1-0

[Event "Titled Tuesday intern op 14th Jan Early"]
[Site "Chess.com INT"]
[Date "2025.01.14"]
[Round "2"]
[White "Ersoz, Teoman Guney"]
[Black "Anurag, Jaiswal"]
[Result "1-0"]
[WhiteElo "2084"]
[BlackElo "1923"]
[PlyCount "73"]
[EventDate "2025.01.14"]
[EventType "swiss (blitz)"]
[EventRounds "11"]
[EventCountry "USA"]
[SourceTitle "CB04_2025"]
[SourceDate "2025.01.22"]
[SourceVersion "1"]
[SourceVersionDate "2025.01.22"]
[SourceQuality "1"]

1. c4 e6 2. Nc3 d5 3. g3 Nf6 4. Bg2 Be7 5. Nf3 0-0 6. 0-0 c6 7. d3 Nbd7 8. e4 dxe4 9. dxe4 Nc5 10. e5 Nfe4 11. Nxe4 Nxe4 12. Qe2 Nc5 13. Rd1 Qc7 14. h4 b6 15. Bg5 Bb7 16. Bxe7 Qxe7 17. Rd6 Rad8 18. Rad1 Na6 19. Ng5 h6 20. Ne4 c5 21. Rxd8 Rxd8 22. Rxd8+ Qxd8 23. Nd6 Bxg2 24. Kxg2 Qd7 25. Qe4 Qc7 26. Qa8+ Qb8 27. Qc6 Qd8 28. Qb7 Nb4 29. Qxf7+ Kh8 30. Qxe6 Qa8+ 31. f3 Nxa2 32. Qd7 Nc1 33. e6 Ne2 34. e7 Kh7 35. e8Q Qb7 36. Qf5+ g6 37. Qfxg6# 1-0

[Event "Titled Tuesday intern op 07th Jan Early"]
[Site "Chess.com INT"]
[Date "2025.01.07"]
[Round "4"]
[White "Massarioli, Felipe Alvarenga"]
[Black "Anurag, Jaiswal"]
[Result "1-0"]
[WhiteElo "2040"]
[BlackElo "1923"]
[PlyCount "31"]
[EventDate "2025.01.07"]
[EventType "swiss (blitz)"]
[EventRounds "11"]
[EventCountry "USA"]
[SourceTitle "CB03_2025"]
[SourceDate "2025.01.15"]
[SourceVersion "1"]
[SourceVersionDate "2025.01.15"]
[SourceQuality "1"]

1. d4 d5 2. c4 c6 3. cxd5 cxd5 4. Nc3 Nf6 5. Nf3 e6 6. Bg5 Bb4 7. Rc1 0-0 8. e3 h6 9. Bh4 Nbd7 10. Ne5 Qa5 11. Nxd7 Nxd7 12. a3 Bxc3+ 13. Rxc3 b5 14. Qd2 Nb6 15. Rc5 Bd7 16. Qxa5 1-0

[Event "Vrindavana MMT op"]
[Site "Mathura"]
[Date "2023.04.27"]
[Round "9"]
[White "Anurag, Jaiswal"]
[Black "Dhiman, Mitra"]
[Result "0-1"]
[WhiteElo "1777"]
[BlackElo "1528"]
[PlyCount "42"]
[EventDate "2023.04.23"]
[EventType "swiss"]
[EventRounds "9"]
[EventCountry "IND"]
[SourceTitle "CBM 213 Extra"]
[Source "ChessBase"]
[SourceDate "2023.05.31"]
[SourceVersion "1"]
[SourceVersionDate "2023.05.31"]
[SourceQuality "1"]

1. e4 Nc6 2. Nf3 f5 3. exf5 d5 4. d4 Bxf5 5. Bb5 e6 6. Ne5 Nge7 7. Qh5+ g6 8. Qe2 Bg7 9. Bg5 0-0 10. Bxc6 Nxc6 11. Bxd8 Nxd4 12. Qd2 Nxc2+ 13. Ke2 Bxe5 14. Nc3 Raxd8 15. Rac1 d4 16. Nb5 Be4 17. Na3 Bf4 18. Qa5 d3+ 19. Kd1 Bxg2 20. Rxc2 Bf3+ 21. Ke1 dxc2 0-1

[Event "Sports Meet Chess Tour 55th"]
[Site "New Delhi"]
[Date "2022.12.16"]
[Round "2.4"]
[White "Anurag, Jaiswal"]
[Black "Shreyam, Mishra"]
[Result "1/2-1/2"]
[WhiteElo "1812"]
[BlackElo "1577"]
[PlyCount "114"]
[EventDate "2022.12.15"]
[EventType "team-swiss"]
[EventRounds "7"]
[EventCountry "IND"]
[SourceTitle "CBM 212 Extra"]
[Source "ChessBase"]
[SourceDate "2023.03.31"]
[SourceVersion "1"]
[SourceVersionDate "2023.03.31"]
[SourceQuality "1"]
[WhiteTeam "Ropar"]
[BlackTeam "Bombay"]
[WhiteTeamCountry "IND"]
[BlackTeamCountry "IND"]

1. e4 e6 2. Nf3 d5 3. exd5 exd5 4. d4 Bd6 5. Bd3 Bg4 6. h3 Bh5 7. 0-0 Nc6 8. c3 Nge7 9. Re1 Qd7 10. Be3 f6 11. Nbd2 0-0-0 12. b4 Ng6 13. Qc2 Nce7 14. a4 Nf4 15. Bxf4 Bxf4 16. b5 g5 17. Nb3 Bxf3 18. Nc5 Qe8 19. Bf5+ Kb8 20. gxf3 Qf7 21. a5 Nxf5 22. Qxf5 Bd2 23. Re6 Bxc3 24. Rxf6 Qe7 25. Rf7 Qd6 26. b6 axb6 27. axb6 Qxb6 28. Rb1 Qc6 29. Rxb7+ Qxb7 30. Nxb7 Kxb7 31. Qb1+ Kc8 32. Qc2 Ba5 33. Qc6 Kb8 34. Re7 Bb6 35. Re2 Rd6 36. Re8+ Rxe8 37. Qxe8+ Kb7 38. Qe5 Kc6 39. Kh2 h6 40. Kg3 Kb5 41. h4 gxh4+ 42. Kxh4 Kc4 43. f4 Bxd4 44. Qe2+ Kc5 45. Qc2+ Kb6 46. f3 c5 47. Qb3+ Kc6 48. Qa4+ Kb6 49. f5 Kc7 50. Qa7+ Kc6 51. Qa8+ Kb6 52. Qb8+ Kc6 53. Qe8+ Kb6 54. Kg4 Rf6 55. Qd8+ Kc6 56. Qa8+ Kd6 57. Qa6+ Kc7 1/2-1/2

[Event "IND-chT 39th"]
[Site "Kolkata"]
[Date "2019.02.07"]
[Round "1.2"]
[White "Anurag, Jaiswal"]
[Black "Puranik, Abhimanyu Sameer"]
[Result "0-1"]
[WhiteElo "1819"]
[BlackElo "2538"]
[PlyCount "84"]
[EventDate "2019.02.07"]
[EventType "team-swiss"]
[EventRounds "9"]
[EventCountry "IND"]
[SourceTitle "CBM 188 Extra"]
[Source "ChessBase"]
[SourceDate "2019.02.28"]
[SourceVersion "1"]
[SourceVersionDate "2019.02.28"]
[SourceQuality "1"]
[WhiteTeam "Kolkata Chess Dragons"]
[BlackTeam "Airports Authority"]
[WhiteTeamCountry "IND"]
[BlackTeamCountry "IND"]

1. e4 e5 2. Bc4 Nf6 3. d3 c6 4. Bb3 d5 5. Nd2 Bd6 6. Ngf3 0-0 7. 0-0 Nbd7 8. c3 h6 9. Re1 Re8 10. Nf1 Nf8 11. Ng3 Ng6 12. h3 a5 13. a4 Be6 14. Bc2 Qd7 15. Kh2 Rad8 16. Be3 c5 17. Qc1 Qc6 18. Kg1 Bf8 19. Rd1 Rd7 20. Re1 Red8 21. Qb1 Qc7 22. Qc1 b6 23. Rb1 Qc6 24. Ra1 dxe4 25. dxe4 c4 26. Qb1 Bc5 27. Qc1 Bf8 28. Qb1 Rb7 29. Rd1 Rdb8 30. Ra2 Nd7 31. Ne2 Qc7 32. Nd2 Nc5 33. Nc1 b5 34. axb5 Rxb5 35. Qa1 Qb7 36. Rxa5 Rxa5 37. Qxa5 Qxb2 38. Bb1 Rb5 39. Qc7 Qxc3 40. Ne2 Qb2 41. Rc1 Nf4 42. Bxf4 exf4 0-1

[Event "New Delhi Parsvnath op 8th"]
[Site "New Delhi"]
[Date "2010.01.17"]
[Round "6"]
[White "Anurag, Jaiswal"]
[Black "Suvrajit, Saha"]
[Result "0-1"]
[WhiteElo "2214"]
[BlackElo "2343"]
[PlyCount "138"]
[EventDate "2010.01.14"]
[EventType "swiss"]
[EventRounds "11"]
[EventCountry "IND"]
[SourceTitle "CBM 134 Extra"]
[Source "ChessBase"]
[SourceDate "2010.03.03"]
[SourceVersion "1"]
[SourceVersionDate "2010.03.03"]
[SourceQuality "1"]

1. d4 c5 2. e4 cxd4 3. Nf3 Qa5+ 4. Bd2 Qb6 5. Na3 Nc6 6. Nc4 Qc7 7. Bd3 b5 8. Na3 a6 9. 0-0 e6 10. Nb1 Nge7 11. Re1 Ng6 12. c3 dxc3 13. Nxc3 Bc5 14. Rc1 Qa7 15. Qe2 Nce5 16. Nxe5 Nxe5 17. Bb1 0-0 18. Bf4 f6 19. Red1 Bb7 20. a3 Rac8 21. Ba2 Ba8 22. Bg3 Kh8 23. Kh1 Bd4 24. Rc2 Nc4 25. Bxc4 Rxc4 26. Rcd2 d5 27. exd5 Bxc3 28. bxc3 Bxd5 29. Rd3 Qc5 30. Qb2 Rc8 31. Rc1 Be4 32. Rdd1 Bd5 33. Rd3 Ra4 34. Ra1 h5 35. f3 Qc6 36. h3 Rc4 37. Rc1 e5 38. Qd2 Bg8 39. Rd6 Qa8 40. Rd1 R4c6 41. Rd7 Be6 42. Re7 Bf5 43. Be1 Rxc3 44. Qxc3 Rxc3 45. Bxc3 Qc6 46. Bb4 e4 47. f4 Qb6 48. Rd5 a5 49. Bc5 Qc6 50. Rxf5 g6 51. Rxf6 Qxf6 52. Rxe4 Qc6 53. Bd4+ Kg8 54. Re1 Qd6 55. Be5 Qxa3 56. Rd1 a4 57. Rd6 Qc1+ 58. Kh2 Qb1 59. Ra6 Kf7 60. Kg3 b4 61. Kh4 a3 62. g4 hxg4 63. hxg4 a2 64. Kg5 b3 65. Rb6 Qe4 66. Rxb3 a1Q 67. Bxa1 Qd5+ 68. Be5 Qxb3 69. Kh4 Qd3 0-1